BRI'S journal of advances in science and technology (Record no. 59778)

MARC details
000 -LEADER
fixed length control field 00387nam a22001217a 4500
008 - FIXED-LENGTH DATA ELEMENTS--GENERAL INFORMATION
fixed length control field 230825b |||||||| |||| 00| 0 eng d
022 ## - INTERNATIONAL STANDARD SERIAL NUMBER
International Standard Serial Number 0971-9563
040 ## - CATALOGING SOURCE
Original cataloging agency National Science Library
Transcribing agency National Science Library
245 ## - TITLE STATEMENT
Title BRI'S journal of advances in science and technology
260 ## - PUBLICATION, DISTRIBUTION, ETC.
Place of publication, distribution, etc. Maharashtra
Name of publisher, distributor, etc. Bhaskaracharya Research Institute,
Date of publication, distribution, etc. 1998
310 ## - CURRENT PUBLICATION FREQUENCY
Current publication frequency Half-yearly
942 ## - ADDED ENTRY ELEMENTS (KOHA)
Koha item type Continuing Resources
Holdings
Withdrawn status Lost status Materials specified (bound volume or other part) Damaged status Not for loan Home library Current library Shelving location Date acquired Total Checkouts Barcode Date last seen Price effective from Koha item type
    Vol. 1-3,5 (1-2), 1998-02     National Science Library National Science Library FF/Rk-5/C-7/R-1 17/01/2006   225994 25/08/2023 17/01/2006 Continuing Resources